UNODC in Viet Nam : An review two thousand an three

Đã lưu trong:
Sonraí Bibleagrafaíochta
Formáid: Leabhar
Teanga:Undetermined
Foilsithe: United Nations Office on Drugs and Crime [2000]
Ábhair:
Clibeanna: Cuir Clib Leis
Gan Chlibeanna, Bí ar an gcéad duine leis an taifead seo a chlibeáil!
Thư viện lưu trữ: Trung tâm Học liệu Trường Đại học Cần Thơ
LEADER 00483nam a2200169Ia 4500
001 CTU_91401
008 210402s9999 xx 000 0 und d
082 |a 362.298 
082 |b U58 
245 0 |a UNODC in Viet Nam : 
245 3 |b An review two thousand an three 
260 |a United Nations 
260 |b Office on Drugs and Crime 
260 |c [2000] 
650 |a Cocaine,Narcotics,control of-Vietnam 
904 |i Năm 
980 |a Trung tâm Học liệu Trường Đại học Cần Thơ